000 00510nam a2200193Ia 4500
003 IN-BaIIA
008 211028s9999 xx 000 0 eng d
020 _a978 0471 810 52 0
040 _cIIA Library
080 _a514.743
_bSOK
100 _aSokolnikoff, I. S
_91687
245 0 _aTensor analysis
_cIvan Stephen Sokolnikoff
260 _aNew York
_bJohn Wiley & Sons
_c1951
300 _aix, 335p.
650 _aNASA Thesaurus
650 _aTensor-Analysis
_91710
650 _aTensors
_92437
942 _cBK
999 _c1620
_d1620